000
00310nam a22001337a 4500
008
170623b xxu||||| |||| 00| 0 eng d
020
_a
9780393922929
041
_a
eng
080
_a
94
100
_a
21
101
_a
SHH
245
_a
VOICES OF FREDOM A DOCUMENTARY HISTORY
_c
FONER.E
942
_2
udc
_c
BK
999
_c
19005
_d
19005